| 000 | 00617nam a22001577a 4500 | ||
|---|---|---|---|
| 003 | OSt | ||
| 005 | 20151002160830.0 | ||
| 008 | 151002b xxu||||| |||| 00| 0 eng d | ||
| 040 | _cRUA | ||
| 082 | _aAVM TY 1995 B069 Or.1 | ||
| 100 |
_91802 _aTY VANNy |
||
| 245 | _aការអង្កេតលើរោគសាស្រ្តកូនជ្រូកក្នុងក្របខ័ណ្ឌធនាគារជ្រូករបស់អង្គការ (Action nord sud) នៅខេត្តបាត់ដំបង) | ||
| 260 |
_aphnom penh _bRUA _c1995 |
||
| 300 |
_a62p. _bill. _c29cm. |
||
| 942 |
_2ddc _cAVM |
||
| 999 |
_c1701 _d1701 |
||